Statistics for Women football world cup winners

Click here to take the quiz!

General Stats

  • This quiz has been taken 32 times
  • The average score is 6 of 7

Answer Stats

Year won International Team winner % Correct
2015USA
100%
1999USA
100%
1991USA
100%
2007Germany
93%
2003Germany
93%
2011Japan
81%
1995Norway
70%

Score Distribution

Percentile by Number Answered

Percent of People with Each Score

Your Score History

You have not taken this quiz